<?xml version="1.0" encoding="UTF-8"?><?xml-stylesheet type="text/xsl" href="static/style.xsl"?><OAI-PMH xmlns="http://www.openarchives.org/OAI/2.0/" xmlns:xsi="http://www.w3.org/2001/XMLSchema-instance" xsi:schemaLocation="http://www.openarchives.org/OAI/2.0/ http://www.openarchives.org/OAI/2.0/OAI-PMH.xsd"><responseDate>2026-05-17T18:12:53Z</responseDate><request verb="GetRecord" identifier="oai:recam.amb.cat:20.500.14439/4822" metadataPrefix="marc">https://recam.amb.cat/rest/oai/request</request><GetRecord><record><header><identifier>oai:recam.amb.cat:20.500.14439/4822</identifier><datestamp>2026-05-11T23:45:20Z</datestamp><setSpec>com_20.500.14439_123</setSpec><setSpec>col_20.500.14439_129</setSpec></header><metadata><record xmlns="http://www.loc.gov/MARC21/slim" xmlns:dcterms="http://purl.org/dc/terms/" xmlns:xsi="http://www.w3.org/2001/XMLSchema-instance" xmlns:doc="http://www.lyncode.com/xoai" xsi:schemaLocation="http://www.loc.gov/MARC21/slim http://www.loc.gov/standards/marcxml/schema/MARC21slim.xsd">
   <leader>00925njm 22002777a 4500</leader>
   <datafield ind2=" " ind1=" " tag="042">
      <subfield code="a">dc</subfield>
   </datafield>
   <datafield ind2=" " ind1=" " tag="720">
      <subfield code="a">Observatori Metropolità de l'Habitatge de Barcelona</subfield>
      <subfield code="e">author</subfield>
   </datafield>
   <datafield ind2=" " ind1=" " tag="260">
      <subfield code="c">2025-12-01</subfield>
   </datafield>
   <datafield ind2=" " ind1=" " tag="520">
      <subfield code="a">L’informe analitza el fenomen de l’habitatge compartit a Barcelona a partir de dades de l’Enquesta Sociodemogràfica de Barcelona. Primer, contextualitza el creixement d’aquest model residencial com a resposta a les tensions del mercat de l’habitatge. Després, explica la metodologia emprada i introdueix el concepte de “llars complexes”, diferenciant entre les familiars i les formades per persones sense vincles familiars. La part empírica quantifica aquestes llars i estudia les seves característiques principals, com la mida, el règim de tinença, la renda, la despesa en habitatge i la distribució territorial. També analitza aspectes demogràfics i situacions de risc de pobresa i exclusió social. L’informe incorpora un marc teòric sobre l’habitatge compartit, distingint entre situacions desitjades i no desitjades, i relacionant-les amb les trajectòries residencials i les formes d’organització i convivència dins dels habitatges. Finalment, es presenten les conclusions principals, destacant els avenços metodològics en la reclassificació de les llars, així com els reptes pendents en matèria d’informació estadística i possibles línies futures de recerca.</subfield>
   </datafield>
   <datafield ind1="8" ind2=" " tag="024">
      <subfield code="a">https://hdl.handle.net/20.500.14439/4822</subfield>
   </datafield>
   <datafield tag="653" ind2=" " ind1=" ">
      <subfield code="a">Habitatge</subfield>
   </datafield>
   <datafield tag="653" ind2=" " ind1=" ">
      <subfield code="a">Llars</subfield>
   </datafield>
   <datafield ind2="0" ind1="0" tag="245">
      <subfield code="a">L'habitatge compartit i les llars complexes a Barcelona: quantificació a partir de l'enquesta sociodemogràfica de Barcelona</subfield>
   </datafield>
</record></metadata></record></GetRecord></OAI-PMH>